000 00554nam a2200193Ia 4500
008 151119s9999||||xx |||||||||||||| ||und||
082 _a891.463
082 _bGKKV30822
100 _aचांदोरकर स्वाती
245 _aयुथनेशिया
260 _a--
260 _b--
260 _c2011
600 _aचांदोरकर स्वाती
630 _aयुथनेशिया
700 _aचांदोरकर स्वाती
730 _aयुथनेशिया
942 _cBOOK
999 _c1083150
_d1083147